MARC

LEADER 00000nam0a2200000 4500
001 51476
005 20231031035801.0
035 |a (RuTPU)RU\TPU\book\53898 
090 |a 51476 
100 |a 20030430d1953 m y0rusy50 ca 
101 0 |a rus 
102 |a UA 
105 |a a j 000zy 
200 1 |a Расчет электрических сетей  |e учебное пособие для вузов  |f Г. М. Городецкий 
210 |a Киев  |c Гостехиздат  |d 1953 
215 |a 343 с.  |c ил. 
610 1 |a электроэнергетика 
610 1 |a электрические сети 
610 1 |a провода 
610 1 |a нагрев 
610 1 |a расчет 
610 1 |a электрический ток 
610 1 |a замкнутые сети 
610 1 |a разомкнутые сети 
610 1 |a мощность 
610 1 |a экономические расчеты 
610 1 |a линии передачи 
610 1 |a местные сети 
610 1 |a проектирование 
610 1 |a учебные пособия 
675 |a 621.316(075.8)  |v 3 
700 1 |a Городецкий  |b Г. М. 
801 1 |a RU  |b 63413507  |c 20030430  |g PSBO 
801 2 |a RU  |b 63413507  |c 20150224  |g PSBO 
942 |c BK